El rucio de los cuchillos
Saved in:
| Hovedforfatter: | |
|---|---|
| Format: | Bog |
| Sprog: | spansk |
| Udgivet: |
Santiago
Ediciones de la Librería de Luis Rivano
1973
|
| Fag: | |
| Tags: |
Tilføj Tag
Ingen Tags, Vær først til at tagge denne postø!
|
MARC
| LEADER | 00000cam a2200000 a 4500 | ||
|---|---|---|---|
| 001 | UCZ0898 | ||
| 003 | CL-VaPUC | ||
| 008 | 950810e19730000CL |||||||||||||||||spa|d | ||
| 082 | 0 | 4 | |a Ch863 |b RIV |2 21 |
| 100 | 0 | |a Rivano, Luis |e author |9 344191 | |
| 245 | 1 | 3 | |a El rucio de los cuchillos |
| 300 | |a 55 p | ||
| 942 | |c BK | ||
| 945 | |d 19950810 00:00:00 |a rbrito | ||
| 260 | |a Santiago |b Ediciones de la Librería de Luis Rivano |c 1973 | ||
| 650 | 0 | |a Cuentos chilenos |9 308280 | |
| 583 | |a last modification |c 20141107 01:50:58 |k Rodrigo Vera | ||
| 999 | |c 237765 |d 237763 | ||
| 952 | |0 0 |1 0 |4 0 |6 CH_863_000000000000000_RIV_1973 |7 0 |8 A |9 247449 |a BIBEDU |b BIBEDU |d 2019-11-18 |i 3105806 |o Ch863 RIV 1973 |p 3105806 |r 2019-11-18 |w 2019-11-18 |y BK |k LIT | ||
| 952 | |0 0 |1 0 |3 erb |4 0 |6 CH_863_000000000000000_RIV_1973 |7 0 |8 X |9 247450 |a FDOBUD |b FDOBUD |i 5106478 |o Ch863 RIV 1973 |p 5106478 |r 2019-11-18 |w 2019-11-18 |y BK_X |z Catalogado en:20141107 |k BUD | ||